000 00629cam a2200205 4500500
005 20260329004302.0
041 _afre
042 _adc
100 1 0 _aLacroix, Alexandre
_eauthor
245 0 0 _a10 stratagèmes pour clouer le bec à votre interlocuteur
260 _c2019.
500 _a91
690 _aÉloquence
690 _aPolitique
690 _aRhétorique
690 _aSchopenhauer
690 _aStratagèmes
786 0 _nPhilosophie magazine | 130 | 6 | 2019-06-01 | p. 25-26 | 1951-1787
856 4 1 _uhttps://shs.cairn.info/magazine-philosophie-magazine-2019-6-page-25?lang=fr&redirect-ssocas=7080
999 _c1832486
_d1832486